| 000 -LEADER |
| fixed length control field |
01081nam a2200325 i 4500 |
| 001 - CONTROL NUMBER |
| control field |
260150 |
| 003 - CONTROL NUMBER IDENTIFIER |
| control field |
OSt |
| 005 - DATE AND TIME OF LATEST TRANSACTION |
| control field |
20180921 |
| 008 - FIXED-LENGTH DATA ELEMENTS--GENERAL INFORMATION |
| fixed length control field |
0000002002 0000000000spa00 |
| 040 ## - CATALOGING SOURCE |
| Original cataloging agency |
DLC |
| Transcribing agency |
DLC |
| 100 ## - ASIENTO PRINCIPAL -- NOMBRE PERSONAL |
| Personal name |
Cedano Rivera, Juan de Jesús |
| 245 ## - TÍTULO PROPIAMENTE DICHO: SUBTÍTULO |
| Title |
Diagnóstico del proceso de enseñanza - aprendizaje en el contexto del aula desde la perspectiva constructiva en los Liceos de la Provincia Elías Piña en la actualidad |
| Mención de responsabilidad |
Juan de Jesús Cedano Rivera, María de la Regla Marrero, Rafael Antonio Lorenzo; asesores Alejandro Mateo, José Lucía Márquez Merán; coordinadores Richard Peguero, José Lucía Márquez Merán; jurados Manuel José Sánchez, Andrea López, Héctor Alejandro Mateo; director José Lucía Márquez Merán |
| 260 ## - PUBLICATION, DISTRIBUTION, ETC. |
| Place of publication, distribution, etc. |
San Juan de la Maguana : |
| Name of publisher, distributor, etc. |
Universidad Central del Este |
| 300 ## - PHYSICAL DESCRIPTION |
| Extensión |
1v. (en varias numeraciones) |
| 502 ## - THESIS NOTE |
| Dissertation note |
Tesis (Licenciado en Educación, Mención Letras)-- Universidad Central del Este, 2002 |
| 504 ## - BIBLIOGRAPHY, ETC. NOTE |
| Bibliography, etc. note |
Inluye bibliografía, índice y anexos |
| 505 ## - NOTA DE CONTENIDO |
| Formatted contents note |
Monográfico : |
| 650 ## - ASIENTO SECUNDARIO DE MATERIA -- TERMINO TOPICO |
| Asiento secundario de materia |
Aprendizaje |
| -- |
Personal docente |
| -- |
TC 6510 |
| -- |
Tesis y disertaciones académicas |
| 700 ## - ASIENTO SECUNDARIO -- NOMBRE PERSONAL |
| Personal name |
Lorenzo, Rafael Antonio |
| -- |
Márquez Merán, José Lucía, asesor |
| -- |
Marrero, María de Regla |
| -- |
Mateo Jiménez, Alejandro, asesor |
| 942 ## - ADDED ENTRY ELEMENTS (KOHA) |
| Source of classification or shelving scheme |
|
| Koha item type |
Tesis |